| 000 | 00899nam a2200229 a 4500 | ||
|---|---|---|---|
| 003 | 0 | ||
| 005 | 20250322075527.0 | ||
| 008 | 060801s19uu xx 00 eng d | ||
| 050 |
_aPGS HQ 789.A94 _b.J47 2006 |
||
| 100 | _aJelsma, Joanne Bernadette S. | ||
| 245 |
_aA profile of the rights of SISC grade six students / _cJoanne Bernadette S. Jelsma. |
||
| 260 |
_a Las Piñas City, Philippines : _bSouthville International School and Colleges, _c2006. |
||
| 300 |
_a23 pages : _billustrations ; _c28 cm. |
||
| 504 | _aIncludes bibliographical references. | ||
| 650 |
_aChildren's rights _vAwareness. |
||
| 650 |
_aChildren _vLegal status, laws, etc. |
||
| 650 |
_aStudents’ rights _vPerception. |
||
| 650 |
_aHuman rights education _vElementary students. |
||
| 650 |
_aChild advocacy _vPublic awareness. |
||
| 650 |
_aStudents _vReaction to infringement of rights. |
||
| 942 |
_2lcc _cPASS |
||
| 999 |
_c97495 _d97495 |
||